Catalog

Record Details

Catalog Search



The untold story : my 20 years running the ... Read More

Calder, Iain.(Author).

Available copies

  • 1 of 1 copy available at LARL/NWRL Consortium.
  • 1 of 1 copy available at Lake Agassiz Regional Library. (Show preferred library)

Current holds

0 current holds with 1 total copy.

Show Only Available Copies
Location Call Number / Copy Notes Barcode Shelving Location Status Due Date
Moorhead Public Library 070.172 Cal (Text) 33500008161952 Main Available -

Record details

  • ISBN: 0786869410 :
  • Physical Description: xv, 314 p. ; 25 cm.
  • Edition: 1st ed.
  • Publisher: New York : Miramax Books : c2004.
Subject: Calder, Iain.
National enquirer (Lantana, Fla.)
Tabloid newspapers
LDR 00882cam a2200265Ia 4500
00153255
003LARL_NWRL_CONSORTIUM
00520040924104446.0
008040720s2004 nyu 000 0 eng d
020 . ‡a0786869410 : ‡c$24.95
035 . ‡a(OCoLC)55977949
040 . ‡aOCO ‡cOCO ‡dSPP
092 . ‡a070.172 ‡bC146u
092 . ‡a070.172 ‡bCal
1001 . ‡aCalder, Iain. ‡0(LARL_NWRL_CONSORTIUM)208483
24514. ‡aThe untold story : ‡bmy 20 years running the National Enquirer / ‡cIain Calder.
250 . ‡a1st ed.
260 . ‡aNew York : ‡bMiramax Books : ‡bHyperion, ‡cc2004.
300 . ‡axv, 314 p. ; ‡c25 cm.
60010. ‡aCalder, Iain. ‡0(LARL_NWRL_CONSORTIUM)208483
63000. ‡aNational enquirer (Lantana, Fla.)
650 0. ‡aTabloid newspapers ‡0(LARL_NWRL_CONSORTIUM)32343
901 . ‡a53255 ‡bOCLC ‡c53255 ‡tbiblio

Additional Resources